Hydraulic solution of pipeline systems /

Hlavní autor: Varchola, Michal, 1946-
Korporativní autor: Slovenská technická univerzita (Bratislava, Slovensko)
Další autoři: Knížat, Branislav, 1966-, Tóth, Peter
Jazyk: Angličtina
Vydáno: Bratislava : Nakladateľstvo STU, 2010
Vydání: 1. vyd.
Edice: Edícia vysokoškolských učebníc
Témata:
Fyzický popis: 273 s. : il. ; 25 cm
Knihy
Uloženo v:
LEADER 01607nam a2200421 a 4500
001 001098483
003 CZ BrMZK
005 20100623062259.0
007 ta
008 100525s2010 xo a e p 001 0 eng
020 |a 978-80-227-3243-7  |q (brož.) 
040 |a BOA001  |b cze 
072 7 |a 621  |x Strojírenství  |2 Konspekt  |9 19 
072 7 |a 37.016  |x Učební osnovy. Vyučovací předměty. Učebnice  |2 Konspekt  |9 22 
080 |a 621.643.2/.4  |2 MRF 
080 |a 621.22  |2 MRF 
080 |a 532.517  |2 MRF 
080 |a (075.8)  |2 MRF 
100 1 |a Varchola, Michal,  |d 1946-  |7 mzk2006355852  |4 aut 
245 1 0 |a Hydraulic solution of pipeline systems /  |c Michal Varchola, Branislav Knížat, Peter Tóth 
250 |a 1. vyd. 
260 |a Bratislava :  |b Nakladateľstvo STU,  |c 2010 
300 |a 273 s. :  |b il. ;  |c 25 cm 
490 1 |a Edícia vysokoškolských učebníc 
504 |a Obsahuje bibliografii a rejstřík 
550 |a Vydavatel: Slovenská technická univerzita v Bratislave 
650 0 7 |a potrubí  |7 ph124433  |2 czenas 
650 0 7 |a hydraulika  |7 ph120963  |2 czenas 
650 0 7 |a proudění tekutin  |7 ph137098  |2 czenas 
655 7 |a učebnice vysokých škol  |7 fd133772  |2 czenas 
700 1 |a Knížat, Branislav,  |d 1966-  |7 mzk2010579949 
700 1 |a Tóth, Peter  |7 mzk2010579961  |4 aut 
710 2 |a Slovenská technická univerzita (Bratislava, Slovensko)  |7 kn20010724767 
830 0 |a Edícia vysokoškolských učebníc 
910 2 |a BOA001  |b 2-1244.003 
990 |a BK 
991 |b 201006  |c NOV 
996 7 |b 2610438570  |c 2-1244.003  |l MZK  |r Sklad / do 1 hodiny  |n 3  |p vým  |w 001125160  |u 000010  |a 1  |e BOA001  |j MZK50  |s A